| 000 | 00335cam a22001097a 4500 | ||
|---|---|---|---|
| 008 | 180718b1958 xxu||||| |||| 00| 0 eng d | ||
| 082 | _aT19x4 Or3 | ||
| 100 | _aKirschen, E.S. | ||
| 245 |
_aStructure of European economy in 1953 _cby E.S. Kirschen |
||
| 260 |
_aParis _bOrganisation for European Economic Co-operation _c1958 |
||
| 300 | _a52p | ||
| 999 |
_c497215 _d497215 |
||